000 00447nam a2200169Ia 4500
008 230917s9999||||xx |||||||||||||| ||und||
020 _cRS2097
040 _e216033
_aMAIN
041 _aEnglish
082 _a801.95 A46H:A
100 _aHalliwell, Stephen
245 0 _aAristotle`s Poetics
260 _aChicago
_bUniversity of Chicago
_c1986
300 _axiii, 369 p.
500 _a1585 19/06/2014 14303 12/08/2014 Main Budget
942 _cBK
999 _c11693
_d11693